| 000 | 00512nam a22001697a 4500 | ||
|---|---|---|---|
| 003 | BD-ChCU | ||
| 005 | 20251207091944.0 | ||
| 008 | 251207b bg ||||| |||| 00| 0 ben d | ||
| 040 | _cBD-ChCU | ||
| 082 | _a327.73 STD | ||
| 100 |
_aStebbins , Richard . _917535 |
||
| 245 |
_aDocuments on American foreign relations 1968-69 ./ _cRichard , Stebbins . |
||
| 260 |
_aNewYork : _bCouncil on foreign Relations , _cC 1972 |
||
| 300 | _axxvi , 605p | ||
| 650 | 0 |
_aU.S. Foreign relations . _917536 |
|
| 942 |
_2ddc _cBK _n0 |
||
| 999 |
_c110154 _d110154 |
||